|
|
|
|
| LEADER |
00000nam0a2200000 4500 |
| 001 |
234992 |
| 005 |
20231101231351.0 |
| 035 |
|
|
|a (RuTPU)RU\TPU\book\256121
|
| 090 |
|
|
|a 234992
|
| 100 |
|
|
|a 20130403d2012 k y0rusy50 ca
|
| 101 |
0 |
|
|a rus
|
| 102 |
|
|
|a RU
|
| 105 |
|
|
|a a dm 001zy
|
| 200 |
1 |
|
|a Формирование и оптико-лазерная диагностика винтовых вихревых структур в жидкости
|e автореферат диссертации на соискание ученой степени доктора технических наук
|e Спец. 01.02.05
|f И. В. Наумов
|g Российская академия наук (РАН), Сибирское отделение (СО), Институт теплофизики им. С. С. Кутателадзе (ИТ) ; науч. конс. В. Г. Меледин ; В. Л. Окулов
|
| 210 |
|
|
|a Новосибирск
|d 2012
|
| 215 |
|
|
|a 36 с.
|c ил.
|
| 300 |
|
|
|a Защита сост. 22.03.2013 г.
|
| 320 |
|
|
|a Библиогр.: с. 34-36 (33 назв.).
|
| 606 |
1 |
|
|a Вихревое движение жидкости
|2 stltpush
|3 (RuTPU)RU\TPU\subj\2580
|9 31132
|
| 610 |
1 |
|
|a физика
|
| 610 |
1 |
|
|a вихревые течения
|
| 610 |
1 |
|
|a оптико-лазерная диагностика
|
| 610 |
1 |
|
|a винтовые вихревые структуры
|
| 610 |
1 |
|
|a гидродинамика
|
| 610 |
1 |
|
|a закрученные течения
|
| 610 |
1 |
|
|a бесконтактная диагностика
|
| 610 |
1 |
|
|a доплеровские измерения
|
| 610 |
1 |
|
|a авторефераты диссертаций
|
| 675 |
|
|
|a 532.527(04)
|v 3
|
| 686 |
|
|
|a 01.02.05
|2 oksvnk
|
| 700 |
|
1 |
|a Наумов
|b И. В.
|g Игорь Владимирович
|
| 702 |
|
1 |
|a Меледин
|b В. Г.
|g Владимир Генриевич
|4 695
|
| 702 |
|
1 |
|a Окулов
|b В. Л.
|g Валерий Леонидович
|4 695
|
| 712 |
0 |
2 |
|a Российская академия наук (РАН)
|b Сибирское отделение (СО)
|b Институт теплофизики им. С. С. Кутателадзе (ИТ)
|c (Новосибирск)
|2 stltpush
|3 (RuTPU)RU\TPU\col\13430
|
| 801 |
|
1 |
|a RU
|b 63413507
|c 20130403
|
| 801 |
|
2 |
|a RU
|b 63413507
|c 20130412
|g RCR
|
| 942 |
|
|
|c BK
|